La civilización carolingia /
Historia del Imperio Carolingio, que se extendió por los actuales territorios de Francia, Italia, Alemania, Cataluña y otras áreas de Europa Occidental. Fue erigido en imperio con la coronación del rey franco Carlomagno como emperador de Occidente, por el Papa León III en el año 800.
Salvato in:
| Autore principale: | |
|---|---|
| Natura: | Libro |
| Lingua: | spagnolo |
| Pubblicazione: |
Madrid, España :
Guadarrama,
1968, c1968
|
| Serie: | (Biblioteca para el Hombre Actual ;
32) |
| Soggetti: | |
| Tags: |
Nessun Tag, puoi essere il primo ad aggiungerne!!
|
MARC
| LEADER | 00000nam^a2200000^a^4500 | ||
|---|---|---|---|
| 001 | 000307621 | ||
| 005 | 20250521000000.0 | ||
| 009 | 20260310112851.597 | ||
| 037 | |a Acervo Xavier Clavigero | ||
| 041 | |a ESP | ||
| 082 | |a 944. 014 |b BOU | ||
| 100 | |a Boussard, Jacques |e (autor) | ||
| 240 | 1 | 4 | |a [La civilización carolingia] |
| 245 | 1 | 3 | |a La civilización carolingia / |c J. Boussard ; tr. por Jaime Zarraluqui. |
| 264 | 4 | |a Madrid, España : |b Guadarrama, |c 1968, c1968 | |
| 300 | |a 253 p. | ||
| 336 | |a texto |b txt |2 rdacontenido | ||
| 337 | |a sin mediación |b n |2 rdamedio | ||
| 338 | |a volumen |b nc |2 rdasoporte | ||
| 440 | 1 | |a (Biblioteca para el Hombre Actual ; |v 32) | |
| 500 | |a Traducción de: Le siècle de Charlemagne | ||
| 520 | |a Historia del Imperio Carolingio, que se extendió por los actuales territorios de Francia, Italia, Alemania, Cataluña y otras áreas de Europa Occidental. Fue erigido en imperio con la coronación del rey franco Carlomagno como emperador de Occidente, por el Papa León III en el año 800. | ||
| 649 | |a XX | ||
| 650 | |a Reyes Franceses | ||
| 650 | |a Literatura Medieval - |x Historia y Crítica | ||
| 650 | |a Arte Carolingio - |x Historia y Crítica | ||
| 650 | |a Arte Medieval - |x Historia y Crítica | ||
| 650 | |a Francia - |x Historia - |y Carolingios, 751-987 - |x Tema Principal | ||
| 650 | |a Francia - |x Historia - |y Período Antiguo, 753 a.C.-987 d.C | ||
| 650 | |a Europa - |x Historia - |y Siglo VIII | ||
| 650 | |a Europa - |x Historia - |y Siglo IX - |x Tema Principal | ||
| 650 | |a Europa - |x Historia - |y 476-1492 | ||
| 650 | |a Edad Media - |x Historia | ||
| 650 | |a Carlomagno, Rey de Francia - |x Tema Principal | ||
| 910 | |a Fondo General | ||
| 920 | |a Impresos - Libros | ||
| 930 | |a Colección General | ||
| 905 | |a 101 | ||
| 901 | |a 010822 |b IT1 |c ACC |u 20250521 | ||
| 902 | |a https://opac.biblio.iteso.mx/vufind/Record/000307621 | ||